000 00444nam a2200145Ia 4500
005 20260127124754.0
022 _a2582-7006
050 _aTK7881 .J68/
245 0 _aJournal of Informatics Electrical and Electronics Engineering (JIEEE)
250 _aVol. 6, No. 1
260 _c2024
_aNigeria
_bGlobal Education & Research Institute (GERIns)
300 _a :ill. ; 30 cm.
650 _aElectrical electronics--periodicals
942 _cSR
_2lcc
999 _c44064
_d44064